00278nam a2200133Ia 4500003000900000008004100009040001300050040001300063041000800076100001400084245003200098300000800130490000600138IT-RoPAU120407s9999 xx 000 0 und d aIT-RoPAU cIT-RoPAU aita aErnst Ell aGioventù che si interroga c cm v1